| Tag |
First Indicator |
Second Indicator |
Subfields |
| LEADER |
00000cam a2200000 a 4500 |
| 001 |
in00000003185 |
| 005 |
20151007051045.0 |
| 008 |
990419s1999 caua b f001 0 eng d |
| 035 |
|
|
|a (OCoLC)41204846
|
| 035 |
|
|
|9 AJG2896AM
|
| 040 |
|
|
|a DGPO
|c DGPO
|d DLC
|d MvI
|d UtOrBLW
|
| 043 |
|
|
|a n-us---
|
| 049 |
|
|
|a UDOC
|
| 074 |
|
|
|a 0830-I
|
| 086 |
0 |
|
|a NAS 1.21:3300-1998
|
| 100 |
1 |
|
|a Borchers, Paul F.
|
| 245 |
1 |
0 |
|a Flight research at Ames :
|b fifty-seven years of development and validation of aeronautical technology, 1940-1997 /
|c Paul F. Borchers, James A. Franklin, and Jay W. Fletcher.
|
| 246 |
3 |
0 |
|a Fifty-seven years of development and validation of aeronautical technology, 1940-1997
|
| 264 |
|
1 |
|a Moffett Field, Calif. :
|b National Aeronautics and Space Administration, Ames Research Center ;
|a Hanover, MD :
|b Available from NASA Center for AeroSpace Information,
|c [1999]
|
| 300 |
|
|
|a v, 113 pages :
|b illustrations ;
|c 30 cm.
|
| 336 |
|
|
|a text
|b txt
|2 rdacontent
|
| 337 |
|
|
|a unmediated
|b n
|2 rdamedia
|
| 338 |
|
|
|a volume
|b nc
|2 rdacarrier
|
| 490 |
1 |
|
|a NASA SP ;
|v 1998-3300
|
| 500 |
|
|
|a Shipping list number: 99-0192-P.
|
| 504 |
|
|
|a Includes bibliographical references (pages 85-98).
|
| 500 |
|
|
|a Includes index.
|
| 650 |
|
0 |
|a Airplanes
|z United States
|x Flight testing.
|
| 650 |
|
0 |
|a Airplanes, Military
|z United States
|x Flight testing.
|
| 650 |
|
0 |
|a Aeronautics
|x Research
|z United States.
|
| 650 |
|
0 |
|a Aeronautics, Military
|x Research
|z United States.
|
| 700 |
1 |
|
|a Franklin, James A.
|
| 700 |
1 |
|
|a Fletcher, Jay W.
|
| 710 |
2 |
|
|a Ames Research Center.
|
| 830 |
|
0 |
|a NASA SP (Series) ;
|v 3300.
|
| 999 |
|
|
|a MARS
|
| 999 |
f |
f |
|s 5d5553ce-3048-3816-a2f7-0560e6c58f6a
|i 6c45800f-55b8-36bf-8d3e-4ace93356d5b
|t 0
|
| 952 |
f |
f |
|p normal
|a Texas A&M University
|b College Station
|c Sterling C. Evans Library
|d Evans: US Documents (Annex 5th floor)
|t 0
|e NAS 1.21:3300-1998
|h Superintendent of Documents classification
|i unmediated -- volume
|m A14824479723
|
| 998 |
f |
f |
|a NAS 1.21:3300-1998
|t 0
|l Evans: US Documents (Annex 5th floor)
|